Music Quiz

Random Music or Artist Quiz

Awesomely Bad Songs Quiz Stats

 Plays Quiz Updated Oct 31, 2018

Score 0/50 Timer 08:00
1 Play Today
Artist (Year) Song % Correct
Vanilla Ice (1990)Ice, Ice, Baby
84.1%
Billy Ray Cyrus (1992)Achy Breaky Heart
72.4%
Aqua (1997)Barbie Girl
56.4%
Right Said Fred (1991)I'm Too Sexy
50.7%
Sisqo (2000)Thong Song
50.2%
Starship (1985)We Built This City
41.4%
Rick Astley (1987)Never Gonna Give You Up
37.8%
Bobby McFerrin (1988)Don't Worry, Be Happy
37%
Europe (1986)The Final Countdown
36.6%
Deep Blue Something (1996)Breakfast At Tiffany's
34.6%
The Rembrandts (1995)I'll Be There For You
30.7%
Meatloaf (1993)I'd Do Anything For Love (But I Won't Do That)
29.8%
Crazy Town (2001)Butterfly
27.9%
Ricky Martin (2000)She Bangs
26.6%
Eddie Murphy (1985)Party All The Time
26.5%
Spin Doctors (1993)Two Princes
25.6%
Wang Chung (1986)Everybody Have Fun Tonight
25.5%
Jennifer Lopez (J. Lo) (2002)Jenny From the Block
23%
Gerardo (1991)Rico Suave
22.6%
Limp Bizkit (2000)Rollin' (Urban Assault Vehicle)
20.4%
Snow (1993)Informer
19.9%
Crash Test Dummies (1993)Mmm, Mmm, Mmm, Mmm
19.9%
Rednex (1994)Cotton Eye Joe
18.9%
Billy Joel (1989)We Didn't Start the Fire
18.6%
Corey Hart (1983)Sunglasses At Night
18.1%
Artist (Year) Song % Correct
4 Non Blondes (1993)What's Up?
16.4%
New Kids On The Block (1988)Hangin' Tough
15.9%
Color Me Badd (1991)I Wanna Sex You Up
15.7%
Lionel Richie (1986)Dancing On The Ceiling
15.4%
Mr. Mister (1985)Broken Wings
12%
Wreckx N Effects (1993)Rump Shaker
10.4%
Puff Daddy (1997)I'll Be Missing You
8.6%
Phil Collins (1985)Sussudio
8.2%
Ruben Studdard (2004)Sorry
7.8%
Huey Lewis and The News (1984)The Heart of Rock & Roll
7.2%
Master P (1997)Make 'Em Say Ugh (Pt. 2)
6.6%
Don Johnson (1986)Heartbeat
5.8%
Toby Keith (2002)Courtesy of the Red, White and Blue
4.6%
Michael Jackson (2001)You Rock My World
4.2%
Chicago (1984)You're The Inspiration
4.1%
Bette Midler (1991)From A Distance
4%
Will Smith (1999)Will 2K
3.8%
JC Chasez (2004)Some Girls (Dance With Women)
2.5%
Nelly (2003)Pimp Juice
2.3%
M.C. Hammer (1994)Pumps and A Bump
2%
Bryan Adams (1996)The Only Thing That Looks Good On Me Is You
1.7%
Michael Bolton (1995)Can I Touch You...There?
1.3%
Ja Rule (2003)Mesmerize
1.2%
R. Kelly (1995)You Remind Me Of Something
0.5%
Bobby Brown (1993)Something In Common
0.4%

You're not logged in!

Compare scores with friends on all Sporcle quizzes.
OR
Log In

Sporcle TV

Today on Sporcle TV


Watch our educational content, quiz creation guides, and fun videos on Sporcle TV.

Show Comments

Extras

Top Quizzes Today


Score Distribution

Your Account Isn't Verified!

In order to create a playlist on Sporcle, you need to verify the email address you used during registration. Go to your Sporcle Settings to finish the process.

Report this User

Report this user for behavior that violates our Community Guidelines.

Details: